[Event "Tourn. n8096"]
[Site "www.chess-mail.com"]
[Date "2015.03.24"]
[Round "1"]
[White "Fabos12"]
[Black "Fred"]
[WhiteElo "1890"]
[BlackElo "2030"]
[Result "1-0"]
[Round "1"]
1.e4 e5
2.Nb1c3 Bf8c5
3.Ng1f3 d6
4.Bf1c4 Bc8e6
5.Bc4b3 Be6xb3
6.axb3 Ng8e7
7.O-O O-O
8.d3 h6
9.Bc1d2 Nb8c6
10.Nf3e1 f5
11.Qd1h5 fxe4
12.Nc3xe4 Ne7f5
13.Ne4xc5 dxc5
14.g4 Nf5h4
15.Bd2xh6 g6
16.Qh5g5 Qd8xg5
17.Bh6xg5 Nh4f3
18.Ne1xf3 Rf8xf3
19.Kg2 Ra8f8
20.Ra1e1 Nc6d4
21.Re1xe5 Rf3f7
22.Re5xc5 Nd4e6
23.Rc5e5 Ne6xg5
24.Re5xg5 Kg7
25.h4 Kh6
26.c4 Rf7f3
27.Rg5d5 Rf3f6
28.g5 { resign }
1-0

[Event "Tourn. n8075"]
[Site "www.chess-mail.com"]
[Date "2015.03.24"]
[Round "1"]
[White "Francesco"]
[Black "Blackpool"]
[WhiteElo "2090"]
[BlackElo "1990"]
[Result "1/2-1/2"]
[Round "1"]
1.d4 Ng8f6
2.c4 e6
3.Nb1c3 Bf8b4
4.Bc1d2 O-O
5.Ng1f3 d5
6.a3 Bb4xc3
7.Bd2xc3 Nf6e4
8.e3 Ne4xc3
9.bxc3 c6
10.cxd5 exd5
11.c4 Bc8e6
12.cxd5 Be6xd5
13.Bf1d3 Rf8e8
14.O-O Nb8d7
15.Ra1b1 Nd7b6
16.Nf3e5 Qd8e7
17.a4 Qe7g5
18.Ne5f3 Bd5xf3
19.Qd1xf3 Re8e7
20.Rb1b2 Nb6xa4
21.Rb2b3 Na4b6
{ draw }
1/2-1/2

[Event "Tourn. n8068"]
[Site "www.chess-mail.com"]
[Date "2015.03.24"]
[Round "1"]
[White "Colchester"]
[Black "Caspito"]
[WhiteElo "1860"]
[BlackElo "1840"]
[Result "1/2-1/2"]
[Round "1"]
1.d4 g6
2.g3 Ng8f6
3.Bf1g2 c6
4.c4 Bf8g7
5.Nb1c3 d5
6.cxd5 cxd5
7.Ng1f3 Bc8g4
8.Nf3e5 Bg4f5
9.O-O O-O
10.Bc1g5 Nb8c6
11.Ra1c1 Nc6xe5
12.dxe5 Nf6g4
13.Qd1xd5 Qd8xd5
14.Nc3xd5 Ng4xe5
15.Nd5xe7 Kh8
16.Ne7xf5 gxf5
17.b3 f6
18.Bg5f4 Rf8f7
19.Bf4xe5 fxe5
20.e3 e4
21.Rf1d1 b5
22.g4 Ra8f8
23.gxf5 Rf7xf5
24.Bg2xe4 Rf5xf2
25.Rc1c2 Rf2f6
26.Rc2c6 Rf6f2
27.Rc6c2 Rf2xc2
28.Be4xc2 h6
29.e4 { draw }
1/2-1/2

[Event "Tourn. n8156"]
[Site "www.chess-mail.com"]
[Date "2015.03.24"]
[Round "1"]
[White "Goga"]
[Black "Generalfree"]
[WhiteElo "1980"]
[BlackElo "1800"]
[Result "1-0"]
[Round "1"]
1.c4 e6
2.d4 Bf8b4
3.Bc1d2 Bb4xd2
4.Qd1xd2 d5
5.e3 b6
6.Ng1f3 Bc8a6
7.b3 c6
8.Bf1e2 c5
9.Qd2c3 Ng8f6
10.Nb1d2 Nb8c6
11.O-O Qd8d6
12.Nf3e5 cxd4
13.exd4 Qd6b4
14.Qc3xb4 Nc6xb4
15.Rf1c1 O-O
16.a3 Ba6xc4
17.bxc4 dxc4
18.axb4 { resign }
1-0

[Event "Tourn. n7940"]
[Site "www.chess-mail.com"]
[Date "2015.03.24"]
[Round "1"]
[White "Oxycontin"]
[Black "Falcoale"]
[WhiteElo "2060"]
[BlackElo "2000"]
[Result "1-0"]
[Round "1"]
1.Ng1f3 Ng8f6
2.g3 d5
3.d4 e6
4.Bf1g2 Nb8d7
5.O-O b6
6.Rf1e1 Bc8b7
7.Nb1d2 Ra8b8
8.c4 Bf8b4
9.a3 Bb4xd2
10.Nf3xd2 O-O
11.b3 c6
12.Bc1b2 e5
13.dxe5 Nf6g4
14.cxd5 cxd5
15.Nd2f3 Rf8e8
16.Qd1d4 Nd7xe5
17.Nf3xe5 Ng4xe5
18.f4 f6
19.fxe5 Re8xe5
20.Ra1d1 Qd8e7
21.Qd4f4 Qe7d6
22.Bb2xe5 fxe5
23.Qf4d2 d4
24.Bg2xb7 Rb8xb7
25.e3 Qd6xa3
26.exd4 exd4
27.Qd2xd4 Qa3c5
28.Qd4xc5 bxc5
29.Re1e3 h6
30.Rd1d8 Kh7
31.Rd8c8 Rb7b5
32.Rc8c7 a5
33.Re3e7 Rb5xb3
34.Rc7xc5 a4
35.Rc5c7 a3
36.Re7xg7 Kh8
37.Rg7d7 Rb3b8
38.Rd7h7 Kg8
39.Rc7g7 Kf8
40.Rg7a7 Kg8
41.Rh7xh6 Rb8b1
42.Kg2 Rb1b2
43.Kh3 a2
44.Rh6c6 Rb2b8
45.Ra7xa2 { resign }
1-0

[Event "Tourn. n8085"]
[Site "www.chess-mail.com"]
[Date "2015.03.24"]
[Round "1"]
[White "Difficult"]
[Black "Groz"]
[WhiteElo "2110"]
[BlackElo "2119"]
[Result "1-0"]
[Round "1"]
1.d4 Ng8f6
2.c4 e5
3.dxe5 Nf6g4
4.Ng1f3 Nb8c6
5.a3 Ng4xe5
6.e3 d6
7.Nb1c3 Bc8g4
8.Bf1e2 Bg4xf3
9.gxf3 Bf8e7
10.f4 Ne5g6
11.Qd1c2 Qd8d7
12.Bc1d2 a6
13.O-O-O O-O-O
14.Nc3d5 Rd8e8
15.h3 Be7d8
16.Be2g4 Re8e6
17.f5 { resign }
1-0

[Event "Tourn. n8065"]
[Site "www.chess-mail.com"]
[Date "2015.03.24"]
[Round "1"]
[White "Grimsby"]
[Black "Anja"]
[WhiteElo "1700"]
[BlackElo "1500"]
[Result "1/2-1/2"]
[Round "1"]
1.d4 f5
2.Ng1f3 Ng8f6
3.b3 g6
4.Bc1b2 Bf8g7
5.g3 O-O
6.Bf1g2 d6
7.O-O Qd8e8
8.c4 Nb8d7
9.d5 Nd7c5
10.Nb1d2 e6
11.dxe6 Bc8xe6
12.Nf3g5 c6
13.Ng5xe6 Qe8xe6
14.Nd2f3 Rf8e8
15.e3 Nc5e4
16.Qd1c2 Ra8d8
17.Nf3d4 Qe6f7
18.Ra1d1 d5
19.cxd5 Nf6xd5
20.a3 Rd8c8
21.b4 Bg7e5
22.Rd1c1 Nd5f6
23.Nd4b3 Be5xb2
24.Qc2xb2 Rc8d8
25.Nb3c5 Rd8d2
26.Qb2b3 Qf7xb3
27.Nc5xb3 Rd2b2
28.Nb3c5 Ne4xc5
29.Rc1xc5 { draw }
1/2-1/2

[Event "Tourn. n8128"]
[Site "www.chess-mail.com"]
[Date "2015.03.24"]
[Round "1"]
[White "Hansen"]
[Black "Azulmarino"]
[WhiteElo "1450"]
[BlackElo "1570"]
[Result "0-1"]
[Round "1"]
1.Nb1c3 d5
2.Ng1f3 Ng8f6
3.e3 Nb8c6
4.Bf1b5 Bc8d7
5.O-O a6
6.Bb5xc6 Bd7xc6
7.Nf3e5 Qd8d6
8.f4 e6
9.g4 d4
10.Nc3e2 Nf6e4
11.Ne2xd4 Qd6d5
12.c4 Ne4c3
13.bxc3 Qd5g2
{ resign }
0-1

[Event "Tourn. n8035"]
[Site "www.chess-mail.com"]
[Date "2015.03.24"]
[Round "1"]
[White "Ranjachess"]
[Black "Genius9"]
[WhiteElo "1550"]
[BlackElo "1600"]
[Result "1-0"]
[Round "1"]
1.e4 c5
2.d3 Nb8c6
3.Nb1c3 d6
4.h3 g6
5.Ng1f3 Bf8g7
6.Bc1e3 Ng8f6
7.d4 cxd4
8.Nf3xd4 O-O
9.Nd4xc6 bxc6
10.Be3d4 c5
11.Bd4xf6 Bg7xf6
12.Bf1c4 Bf6xc3
13.bxc3 Qd8a5
14.Qd1d3 Ra8b8
15.O-O Bc8d7
16.a4 Bd7c6
17.Bc4b5 Bc6xb5
18.axb5 Qa5xb5
19.c4 Qb5b6
20.Rf1b1 Qb6xb1
21.Ra1xb1 Rb8xb1
22.Kh2 a5
23.Qd3a3 Rb1b4
24.c3 Rb4b6
25.Qa3xa5 Rf8b8
26.Qa5a7 Rb6b7
27.Qa7a4 Kg7
28.f4 h5
29.e5 dxe5
30.fxe5 Rb7b3
31.Qa4c6 Rb3xc3
32.Qc6xc5 e6
33.Qc5d4 Rb8b3
34.c5 Rc3d3
35.Qd4f2 Rd3e3
36.Qf2f6 Kg8
37.Qf6d8 Kg7
38.c6 Re3d3
39.c7 { resign }
1-0

[Event "Tourn. n8124"]
[Site "www.chess-mail.com"]
[Date "2015.03.24"]
[Round "1"]
[White "Dominiquer"]
[Black "Drdoom"]
[WhiteElo "1770"]
[BlackElo "1770"]
[Result "1-0"]
[Round "1"]
1.e4 e5
2.Ng1f3 d6
3.d4 Nb8c6
4.dxe5 Nc6xe5
5.Nf3xe5 dxe5
6.Qd1xd8 Kxd8
7.Nb1c3 h6
8.Bf1c4 Ke8
9.Nc3d5 Kd8
10.O-O Bc8e6
11.Rf1d1 Bf8d6
12.b4 Ng8e7
13.a4 Ne7xd5
14.exd5 Be6f5
15.c3 Ke7
16.Bc4d3 Bf5xd3
17.Rd1xd3 Ra8c8
18.Bc1a3 Rh8d8
19.c4 c6
20.c5 Bd6b8
21.d6 Ke6
22.Ra1e1 b6
23.f4 f6
24.Ba3b2 bxc5
25.bxc5 a5
26.fxe5 f5
27.Bb2c3 Bb8a7
28.Bc3xa5 Ba7xc5
29.Kf1 Rd8d7
30.Ba5c7 Rc8a8
31.a5 Bc5b4
32.Re1a1 Ra8c8
33.a6 Rc8xc7
34.dxc7 Rd7xc7
35.a7 { resign }
1-0

[Event "Tourn. n8036"]
[Site "www.chess-mail.com"]
[Date "2015.03.24"]
[Round "1"]
[White "Falcoale"]
[Black "Groz"]
[WhiteElo "1870"]
[BlackElo "1809"]
[Result "0-1"]
[Round "1"]
1.e4 c5
2.Nb1c3 d6
3.Ng1f3 Ng8f6
4.Bf1c4 Nb8c6
5.Nf3g5 e6
6.d3 h6
7.Ng5f3 Bf8e7
8.h3 a6
9.Bc1e3 b5
10.Nc3xb5 axb5
11.Bc4b3 O-O
12.c4 b4
13.O-O Bc8b7
14.Qd1c2 Nc6a5
15.Nf3d2 Ra8a6
16.f4 Nf6d7
17.Rf1d1 Nd7b6
18.Qc2c1 Be7f6
19.a3 Na5xb3
20.Nd2xb3 bxa3
21.Ra1xa3 Ra6xa3
22.e5 Ra3xb3
23.exf6 Qd8xf6
24.Rd1d2 Rf8a8
25.g4 Ra8a2
26.g5 hxg5
27.fxg5 Qf6e5
28.Rd2e2 Rb3xb2
{ resign }
0-1

[Event "Tourn. n8122"]
[Site "www.chess-mail.com"]
[Date "2015.03.24"]
[Round "1"]
[White "Powerchess"]
[Black "Vitoriccardo"]
[WhiteElo "1400"]
[BlackElo "1630"]
[Result "1/2-1/2"]
[Round "1"]
1.d4 e6
2.e4 d5
3.exd5 exd5
4.Bf1d3 Nb8c6
5.c3 Ng8f6
6.Ng1f3 Bc8g4
7.O-O Bf8d6
8.h3 Bg4h5
9.Rf1e1 Bd6e7
10.Bc1f4 O-O
11.Nb1d2 Be7d6
12.Bf4xd6 Qd8xd6
13.Qd1c2 Ra8e8
14.g4 Bh5g6
15.Bd3xg6 fxg6
16.Re1xe8 Rf8xe8
17.Ra1e1 { draw }
1/2-1/2

[Event "Tourn. n8103"]
[Site "www.chess-mail.com"]
[Date "2015.03.24"]
[Round "1"]
[White "Umzi"]
[Black "Difficult"]
[WhiteElo "2070"]
[BlackElo "2100"]
[Result "1/2-1/2"]
[Round "1"]
1.e4 g6
2.d4 Bf8g7
3.Ng1f3 c6
4.Bf1c4 e6
5.O-O d5
6.exd5 cxd5
7.Bc4b5 Bc8d7
8.Bb5xd7 Nb8xd7
9.Bc1e3 Ng8e7
10.c3 O-O
11.Qd1d2 Ne7f5
12.Be3f4 Nd7b6
13.b3 Nf5d6
14.Bf4h6 Nd6e4
15.Qd2e3 Ra8c8
16.Bh6xg7 Kxg7
17.Nf3d2 Ne4xd2
18.Nb1xd2 Qd8d6
19.h4 Qd6c6
20.Ra1c1 Qc6d6
21.Rc1c2 Rc8c6
22.Rf1c1 Rf8c8
{ draw }
1/2-1/2

[Event "Tourn. n8109"]
[Site "www.chess-mail.com"]
[Date "2015.03.24"]
[Round "1"]
[White "Generalfree"]
[Black "Oxycontin"]
[WhiteElo "1820"]
[BlackElo "2060"]
[Result "0-1"]
[Round "1"]
1.e4 e5
2.Ng1f3 d6
3.Bf1c4 Bc8e6
4.Bc4xe6 fxe6
5.b3 Ng8f6
6.h3 Nb8c6
7.Bc1b2 Nf6xe4
8.d3 Ne4f6
9.Nb1d2 d5
10.Nf3xe5 Nc6xe5
11.Bb2xe5 Bf8d6
12.Be5xd6 Qd8xd6
13.c3 O-O
14.a3 e5
15.b4 d4
16.c4 Ra8e8
17.f3 e4
18.fxe4 Qd6g3
19.Kf1 Nf6xe4
{ resign }
0-1

[Event "Tourn. n8050"]
[Site "www.chess-mail.com"]
[Date "2015.03.24"]
[Round "1"]
[White "Oxycontin"]
[Black "Bojan"]
[WhiteElo "2030"]
[BlackElo "2040"]
[Result "1-0"]
[Round "1"]
1.d4 g6
2.Ng1f3 Bf8g7
3.g3 b6
4.Bf1g2 Bc8b7
5.O-O d6
6.c4 e6
7.Nb1c3 Ng8e7
8.e4 Nb8d7
9.Rf1e1 Ra8b8
10.Ra1b1 O-O
11.b4 f6
12.Bc1b2 Qd8e8
13.d5 e5
14.a4 c6
15.dxc6 Ne7xc6
16.Qd1xd6 Rf8f7
17.b5 Nc6a5
18.Qd6d3 Nd7c5
19.Qd3c2 Rb8d8
20.Nc3d5 Qe8e6
21.Rb1d1 Rf7d7
22.Bb2a3 Bg7f8
23.Ba3b2 h5
24.Nf3h4 Rd7g7
25.f4 Bb7xd5
26.exd5 Qe6g4
27.Bg2f3 Qg4h3
28.Nh4xg6 Rd8d6
29.fxe5 fxe5
30.Ng6xf8 Rd6f6
31.Bb2xe5 Rf6xf3
32.Be5xg7 Kxg7
33.Qc2g6 Kxf8
34.Re1e8 { resign }
1-0

[Event "Match"]
[Site "www.echecsemail.com"]
[Date "2015.03.24"]
[Round "1"]
[White "Llord"]
[Black "Kesalon"]
[WhiteElo "1780"]
[BlackElo "1830"]
[Result "0-1"]
[Round "1"]
1.e4 e5
2.Ng1f3 Nb8c6
3.Bf1b5 a6
4.Bb5xc6 dxc6
5.Nf3xe5 Qd8d4
6.Ne5xf7 Kxf7
7.Qd1f3 Qd4f6
8.Qf3b3 Qf6e6
9.Qb3f3 Ng8f6
10.d3 Bf8d6
11.O-O Rh8f8
12.Bc1g5 Kg8
13.Bg5xf6 Qe6xf6
14.Qf3xf6 Rf8xf6
15.Nb1c3 Bc8e6
16.d4 Bd6b4
17.d5 cxd5
18.exd5 Be6f5
19.Ra1c1 Bb4xc3
20.bxc3 Rf6b6
21.Rf1e1 Kf7
22.Re1e5 Kf6
23.Re5e3 Rb6b2
24.Re3f3 Kg6
25.Rf3g3 Kf6
26.Rg3f3 h5
27.h3 h4
28.g4 hxg3
29.fxg3 Kg6
30.g4 Bf5e4
31.Rf3e3 Be4xd5
32.h4 Rb2xa2
33.h5 Kh6
34.Kf2 Ra8f8
35.Ke2 Bd5c4
36.Kd2 Rf8f2
37.Ke1 Rf2f1
38.Kd2 Rf1xc1
39.Kxc1 Ra2a1
40.Kb2 Ra1f1
41.Re3e7 Rf1f7
42.Re7e4 Bc4d5
43.Re4d4 Bd5c6
44.Kb3 Kg5
{ resign }
0-1

[Event "Match"]
[Site "www.echecsemail.com"]
[Date "2015.03.24"]
[Round "1"]
[White "Nozal"]
[Black "Oxycontin"]
[WhiteElo "1870"]
[BlackElo "2060"]
[Result "0-1"]
[Round "1"]
1.e4 c6
2.d4 d5
3.e5 Bc8f5
4.Bf1d3 Bf5xd3
5.Qd1xd3 Nb8d7
6.Ng1f3 e6
7.O-O c5
8.Bc1e3 Qd8c7
9.b3 Ra8c8
10.c4 cxd4
11.Be3xd4 dxc4
12.bxc4 Qc7xc4
13.Qd3xc4 Rc8xc4
14.Bd4xa7 Bf8c5
15.Nb1d2 Rc4a4
 { time }
0-1

[Event "Match"]
[Site "www.echecsemail.com"]
[Date "2015.03.24"]
[Round "1"]
[White "Derik"]
[Black "Bbking"]
[WhiteElo "1470"]
[BlackElo "1540"]
[Result "1-0"]
[Round "1"]
1.e4 e5
2.d3 d5
3.Nb1d2 d4
4.Ng1f3 Nb8c6
5.g3 Bc8g4
6.Bf1g2 Bg4xf3
7.Qd1xf3 Ng8f6
8.O-O Bf8c5
9.Nd2b3 b6
10.Bc1g5 h6
11.Bg5d2 O-O
12.Ra1c1 Nc6b4
13.a3 Nb4c6
14.c4 Nc6a5
15.Nb3xa5 bxa5
16.Bd2xa5 Ra8b8
17.Rc1b1 a6
18.b4 Bc5b6
19.Ba5xb6 Rb8xb6
20.c5 Rb6c6
21.Rb1c1 Qd8d7
22.h3 Rf8d8
23.Rf1e1 Rd8a8
24.a4 Ra8b8
25.Rc1b1 a5
26.bxa5 Rb8xb1
27.Re1xb1 Rc6a6
28.Rb1b8 Kh7
29.Kh2 Ra6xa5
30.g4 Ra5xa4
31.Qf3g3 Qd7e6
32.f4 Nf6d7
33.Rb8b5 exf4
34.Qg3xf4 c6
35.Rb5b7 g5
36.Qf4c7 Nd7e5
37.Qc7d8 Ne5xd3
38.Rb7b8 { resign }
1-0

[Event "Match"]
[Site "www.echecsemail.com"]
[Date "2015.03.24"]
[Round "1"]
[White "Drdoom"]
[Black "F14"]
[WhiteElo "1740"]
[BlackElo "1900"]
[Result "1/2-1/2"]
[Round "1"]
1.e4 c5
2.d4 cxd4
3.Qd1xd4 Nb8c6
4.Qd4d1 e5
5.Ng1f3 Ng8f6
6.Bc1g5 Bf8e7
7.Bg5xf6 Be7xf6
8.c4 O-O
9.Nb1c3 d6
10.h3 Qd8c7
11.Nc3d5 Qc7d8
12.Nd5xf6 Qd8xf6
13.Bf1e2 Qf6e7
14.O-O f5
15.Qd1d3 fxe4
16.Qd3xe4 Bc8f5
17.Qe4d5 Bf5e6
18.Qd5e4 Be6f5
19.Qe4d5 { draw }
1/2-1/2

[Event "Match"]
[Site "www.echecsemail.com"]
[Date "2015.03.24"]
[Round "1"]
[White "Azulmarino"]
[Black "Sagara1977"]
[WhiteElo "1570"]
[BlackElo "1590"]
[Result "0-1"]
[Round "1"]
1.e4 e5
2.Ng1f3 Qd8f6
3.Bf1c4 Bf8c5
4.d3 Nb8c6
5.Bc1g5 Qf6g6
6.a3 Nc6d4
7.Nb1d2 f6
8.Bg5e3 Nd4xf3
9.Qd1xf3 Bc5xe3
10.fxe3 h5
11.h4 d6
12.Qf3f2 Ng8h6
13.Nd2f3 Nh6g4
14.Qf2d2 Qg6h6
15.Ke2 a6
16.d4 b5
17.Bc4d5 Ra8b8
18.Qd2a5 Qh6xe3
19.Kf1 Qe3f2
{ resign }
0-1

[Event "Match"]
[Site "www.echecsemail.com"]
[Date "2015.03.24"]
[Round "1"]
[White "Generalfree"]
[Black "Xandersonx"]
[WhiteElo "1820"]
[BlackElo "1659"]
[Result "1-0"]
[Round "1"]
1.e4 g5
2.d3 e6
3.g4 Bf8h6
4.Nb1c3 c6
5.d4 d5
6.e5 Ng8e7
7.Qd1f3 O-O
8.Qf3f6 Ne7g6
9.Ng1f3 Qd8b6
10.b3 Nb8d7
11.Qf6xg5 Bh6xg5
12.Bc1xg5 a5
13.h4 c5
14.h5 Ng6h8
15.Bg5e3 a4
16.Be3h6 Rf8e8
17.Bf1d3 cxd4
18.Nf3g5 Nh8g6
19.hxg6 fxg6
20.Nc3xa4 Qb6a5
21.Ke2 Nd7xe5
22.f4 Ne5xg4
23.Rh1h4 e5
24.Ng5xh7 exf4
25.Kf1 Qa5d2
26.Rh4xg4 Bc8xg4
27.Nh7f6 Kf7
28.Nf6xg4 Re8h8
29.Ra1e1 Ra8f8
30.Re1e2 Qd2d1
31.Kf2 Rf8g8
32.Ng4e5 Kf6
33.Ne5g4 Kf7
34.Ng4e5 Kf6
35.Ne5d7 Kf7
36.Nd7e5 Ke6
37.Ne5g4 Kd6
38.Bh6xf4 Kc6
39.Ng4e5 Kc7
40.Ne5f7 Kc8
41.Na4b6 
1-0

[Event "Match"]
[Site "www.echecsemail.com"]
[Date "2015.03.24"]
[Round "1"]
[White "Vinvangogh"]
[Black "Ditto"]
[WhiteElo "1260"]
[BlackElo "1640"]
[Result "0-1"]
[Round "1"]
1.e4 e5
2.Ng1f3 Nb8c6
3.Bf1c4 Ng8f6
4.Nf3g5 d5
5.Bc4b5 d4
6.d3 Bc8d7
7.a3 Bd7g4
8.f3 Bg4h5
9.O-O Bf8d6
10.c3 O-O
11.g4 Bh5g6
12.f4 exf4
13.Bc1xf4 Bd6e7
14.e5 Nf6d5
15.e6 Be7xg5
16.Bf4xg5 Qd8xg5
17.Nb1d2 Nc6e7
18.h3 Nd5e3
19.Qd1f3 fxe6
20.Qf3xb7 Ne3xf1
21.Ra1xf1 Qg5xd2
22.Qb7g2 Qd2xg2
23.Kxg2 Rf8xf1
24.Kxf1 dxc3
25.bxc3 Ra8b8
26.Bb5d7 Rb8f8
27.Kg2 e5
28.Bd7e6 Kh8
29.Kg3 Bg6xd3
30.h4 e4
31.g5 Rf8f3
32.Kg2 Ne7g6
33.Be6d5 Ng6f4
34.Kh2 Nf4xd5
35.h5 Nd5f4
36.a4 Rf3h3
37.Kg1 Rh3f3
38.Kh2 Bd3f1
39.Kg1 Nf4e2
{ resign }
0-1

[Event "Match"]
[Site "www.echecsemail.com"]
[Date "2015.03.24"]
[Round "1"]
[White "Gilliere"]
[Black "Yangqi"]
[WhiteElo "1850"]
[BlackElo "1889"]
[Result "0-1"]
[Round "1"]
1.e4 Ng8f6
2.e5 Nf6d5
3.c4 Nd5b6
4.d4 d6
5.c5 dxc5
6.dxc5 Qd8xd1
7.Kxd1 Nb6d5
8.Ng1f3 Bc8g4
9.Bf1e2 e6
10.a3 Bf8xc5
11.Ke1 Nb8d7
12.b4 Bg4xf3
13.Be2xf3 Bc5d4
14.Ra1a2 Bd4xe5
15.Bf3xd5 exd5
16.f4 Be5f6
17.Ra2e2 Kd8
18.g3 Nd7b6
19.Bc1e3 Nb6c4
20.Be3c1 c6
21.Kf2 Kd7
22.Kg2 Rh8e8
23.Rh1e1 Re8xe2
24.Re1xe2 a5
25.Bc1d2 Nc4xd2
26.Re2xd2 axb4
27.axb4 Ra8a1
28.Rd2d1 Ra1a2
29.Kh3 Ra2b2
30.Nb1d2 Rb2xb4
31.Nd2f3 h6
32.Rd1d2 Kd6
33.Rd2a2 Rb4b3
34.Nf3d2 Rb3b2
35.Ra2xb2 Bf6xb2
36.Nd2b3 d4
{ resign }
0-1

[Event "Match"]
[Site "www.echecsemail.com"]
[Date "2015.03.24"]
[Round "1"]
[White "F14"]
[Black "Cardiff"]
[WhiteElo "1910"]
[BlackElo "1970"]
[Result "0-1"]
[Round "1"]
1.e4 c6
2.d4 d5
3.Nb1c3 g6
4.Ng1f3 Bf8g7
5.exd5 cxd5
6.Bf1d3 Ng8f6
7.O-O O-O
8.Rf1e1 Nb8c6
9.h3 Nc6b4
10.Bd3e2 Bc8f5
11.Be2d3 Nb4xd3
12.cxd3 a6
13.Nf3e5 h5
14.Bc1f4 b5
15.Ne5c6 Qd8b6
16.Nc6xe7 Kh8
17.Ne7xd5 Nf6xd5
18.Nc3xd5 Qb6xd4
19.Qd1b3 Bf5e6
20.Re1xe6 fxe6
21.Nd5e7 Rf8f6
22.Bf4e3 Qd4d7
23.Be3c5 Ra8e8
24.Qb3a3 Bg7f8
25.Ne7xg6 Rf6xg6
26.Bc5xf8 Qd7d5
27.Qa3c3 Kg8
28.Bf8b4 Qd5xg2
{ resign }
0-1

[Event "Match"]
[Site "www.echecsemail.com"]
[Date "2015.03.24"]
[Round "1"]
[White "F14"]
[Black "Oxycontin"]
[WhiteElo "1850"]
[BlackElo "2070"]
[Result "1/2-1/2"]
[Round "1"]
1.d4 d5
2.c4 e6
3.Ng1f3 c5
4.cxd5 exd5
5.e3 Ng8f6
6.Bf1b5 Bc8d7
7.Qd1a4 Nb8c6
8.dxc5 Bf8xc5
9.O-O O-O
10.Qa4c2 Qd8b6
11.Bb5xc6 Bd7xc6
12.Nb1c3 Ra8c8
13.Nf3e5 Bc5d6
14.Ne5xc6 Qb6xc6
15.Bc1d2 Nf6e4
16.Ra1c1 Bd6e5
17.Qc2d1 Ne4xc3
18.Bd2xc3 Be5xc3
19.Rc1xc3 Qc6e6
{ draw }
1/2-1/2

[Event "Match"]
[Site "www.echecsemail.com"]
[Date "2015.03.24"]
[Round "1"]
[White "E4player"]
[Black "Paco"]
[WhiteElo "1809"]
[BlackElo "1890"]
[Result "1-0"]
[Round "1"]
1.e4 e5
2.Ng1f3 Nb8c6
3.Bf1c4 d6
4.O-O Ng8f6
5.Nf3g5 d5
6.exd5 Nf6xd5
7.Ng5xf7 Kxf7
8.Qd1f3 Qd8f6
9.Bc4xd5 Ke8
10.Qf3c3 Qf6g6
11.d3 Bc8d7
12.a3 Bf8d6
13.Bc1e3 Qg6h5
14.Bd5f3 Bd7g4
15.Bf3xc6 Kd8
16.Bc6e4 c6
17.Nb1d2 Bg4f5
18.Nd2c4 Bd6c7
19.Be4f3 Bf5g4
20.Bf3xg4 Qh5xg4
21.Nc4xe5 Qg4e6
22.Be3g5 Kc8
23.Ra1e1 Qe6d6
24.d4 h6
25.Qc3h3 Kb8
26.Ne5d7 Kc8
27.Nd7f8 Kb8
28.Re1e8 Bc7d8
29.Bg5f4 Qd6xf4
30.Re8xd8 Kc7
31.Nf8e6 { resign }
1-0

[Event "Match"]
[Site "www.echecsemail.com"]
[Date "2015.03.24"]
[Round "1"]
[White "Kesalon"]
[Black "Harrytheking"]
[WhiteElo "1830"]
[BlackElo "1700"]
[Result "1-0"]
[Round "1"]
1.e4 b6
2.d4 Bc8a6
3.Bf1xa6 Nb8xa6
4.Ng1f3 d6
5.Qd1d3 Qd8c8
6.d5 Na6c5
7.Qd3b5 Nc5d7
8.Nb1c3 a6
9.Qb5c6 Ng8f6
10.O-O e5
11.dxe6 fxe6
12.Bc1g5 h6
13.Bg5xf6 gxf6
14.Rf1e1 Ke7
15.Nf3h4 Rh8g8
16.f4 Ra8a7
17.f5 Nd7b8
18.Qc6c4 Rg8g7
19.Nh4g6 Ke8
20.Ra1d1 b5
21.Qc4d4 c5
22.Qd4xf6 Ra7f7
23.Qf6h4 Rg7g8
24.Nc3e2 Bf8g7
25.c3 e5
26.Rd1xd6 Qc8c7
27.Rd6e6 Kd7
28.Re1d1 Kc8
29.Ng6e7 Rf7xe7
30.Qh4xe7 Nb8c6
31.Qe7xc5 Bg7f8
32.Qc5xc6 Qc7xc6
33.Re6xc6 Kb7
34.Rc6e6 Bf8g7
35.Re6g6 { resign }
1-0

[Event "Match"]
[Site "www.echecsemail.com"]
[Date "2015.03.24"]
[Round "1"]
[White "Caspito"]
[Black "F14"]
[WhiteElo "1850"]
[BlackElo "1850"]
[Result "1-0"]
[Round "1"]
1.e4 e5
2.Ng1f3 Nb8c6
3.Bf1c4 Bf8e7
4.c3 Ng8f6
5.Nf3g5 O-O
6.Qd1b3 Nc6a5
7.Bc4xf7 Kh8
8.Qb3b5 c6
9.Qb5e2 b6
10.b4 Na5b7
11.Bf7b3 d5
12.exd5 Nf6xd5
13.Ng5xh7 Kxh7
14.Qe2h5 Kg8
15.O-O Rf8f5
16.Qh5g6 Rf5g5
17.Qg6xc6 Bc8h3
18.Bb3xd5 Kh8
19.Qc6xb7 Ra8b8
20.Qb7c6 Rb8c8
21.Qc6b5 a6
22.Qb5xa6 Qd8d7
23.Bd5e4 Be7d8
24.Qa6e2 Bh3g4
25.Be4f3 Bg4f5
26.Bf3e4 Bf5xe4
27.Qe2xe4 Rc8c6
28.d4 exd4
29.Bc1xg5 Bd8xg5
30.a4 dxc3
31.Nb1xc3 Rc6xc3
32.Ra1d1 Qd7c7
33.h4 Bg5f6
34.h5 Rc3c4
35.Qe4f5 Rc4f4
36.Qf5g6 Rf4d4
37.Rd1xd4 Bf6xd4
38.Rf1e1 Bd4e5
39.f4 Qc7c3
40.Re1xe5 Qc3c1
41.Kh2 Qc1xf4
42.Qg6g3 Qf4xb4
43.Re5e8 Kh7
44.Qg3g6 { resign }
1-0

[Event "Match"]
[Site "www.echecsemail.com"]
[Date "2015.03.24"]
[Round "1"]
[White "Wrightdjohn"]
[Black "Robkinyon"]
[WhiteElo "2160"]
[BlackElo "1499"]
[Result "1-0"]
[Round "1"]
1.e4 Ng8f6
2.Nb1c3 e5
3.f4 exf4
4.e5 Qd8e7
5.Qd1e2 Nf6g4
6.Qe2xg4 Qe7xe5
7.Qg4e2 Qe5xe2
8.Bf1xe2 Bf8c5
9.Nc3d5 Nb8c6
10.Nd5xc7 { resign }
1-0

[Event "Match"]
[Site "www.echecsemail.com"]
[Date "2015.03.24"]
[Round "1"]
[White "Generalfree"]
[Black "Zazi"]
[WhiteElo "1710"]
[BlackElo "1550"]
[Result "0-1"]
[Round "1"]
1.e4 c6
2.Ng1f3 b5
3.b4 e6
4.a3 Qd8f6
5.c3 g5
6.d4 h6
7.e5 Qf6g7
8.Bf1d3 Ng8e7
9.Bc1e3 Ne7d5
10.Be3c1 Bf8e7
11.a4 bxa4
12.Ra1xa4 Nd5f4
13.Bc1xf4 gxf4
14.O-O h5
15.Nb1d2 h4
16.h3 Rh8g8
17.g4 f6
18.Nf3xh4 f5
19.Nh4xf5 exf5
20.Bd3xf5 Bc8b7
21.Qd1f3 Qg7h6
22.Kh2 Rg8h8
23.Rf1e1 a6
24.Nd2e4 Kf7
25.Ne4c5 Bb7c8
26.Re1e4 d6
27.Bf5xc8 Rh8xc8
28.Re4xf4 Ke8
29.exd6 Be7xd6
30.Qf3e3 Kd8
31.Nc5b7 Kc7
32.Nb7xd6 Qh6xd6
33.Kg2 Nb8d7
34.c4 Rc8e8
35.Qe3f3 Re8f8
36.Rf4xf8 Ra8xf8
37.c5 Qd6xd4
38.Qf3g3 Kb7
39.Qg3e3 Qd4d5
40.Kh2 Qd5c4
41.f3 Qc4c2
42.Kg3 Qc2xa4
43.Qe3e7 Kc8
44.f4 Qa4xb4
45.g5 Qb4xf4
{ resign }
0-1

[Event "Match"]
[Site "www.echecsemail.com"]
[Date "2015.03.24"]
[Round "1"]
[White "Generalfree"]
[Black "Norbos"]
[WhiteElo "1790"]
[BlackElo "1640"]
[Result "1-0"]
[Round "1"]
1.e4 e5
2.Ng1f3 d6
3.Bf1c4 Ng8f6
4.Nf3g5 d5
5.exd5 Nf6xd5
6.Ng5xf7 Kxf7
7.Qd1h5 Ke6
8.d4 Bf8d6
9.Bc4xd5 Kxd5
10.Qh5f7 Kxd4
11.Bc1e3 { resign }
1-0

[Event "Match"]
[Site "www.echecsemail.com"]
[Date "2015.03.24"]
[Round "1"]
[White "Karlgrocer"]
[Black "Difficult"]
[WhiteElo "1970"]
[BlackElo "1880"]
[Result "0-1"]
[Round "1"]
1.Ng1f3 d5
2.d4 Ng8f6
3.e3 Bc8f5
4.Bf1e2 e6
5.O-O c5
6.c3 Nb8c6
7.Nb1d2 Bf8e7
8.Nf3e1 O-O
9.a3 cxd4
10.exd4 Nf6e4
11.Nd2xe4 Bf5xe4
12.Be2f3 Be4g6
13.Bf3e2 Ra8c8
14.Be2d3 Bg6xd3
15.Qd1xd3 Be7f6
16.Ne1f3 a6
17.Rf1e1 Nc6e7
18.Bc1g5 Bf6xg5
19.Nf3xg5 Ne7g6
20.Ng5f3 Qd8c7
21.g3 Qc7c4
22.Qd3e3 b5
23.Re1e2 a5
24.Nf3d2 Qc4c7
25.Ra1c1 Rf8e8
26.Rc1e1 h6
27.Nd2f3 Qc7c4
28.h4 b4
29.axb4 axb4
30.cxb4 Qc4xb4
31.Nf3e5 Ng6xe5
32.Qe3xe5 Qb4b8
33.Qe5e3 Qb8b6
34.b3 Qb6b4
35.Re1b1 Rc8c3
36.Qe3d2 Re8c8
37.Re2e3 Rc3c4
38.Qd2xb4 Rc4xb4
39.Re3d3 Rc8c4
40.bxc4 Rb4xb1
41.Kg2 dxc4
42.Rd3c3 Rb1b4
43.f4 Kf8
44.Kf3 Rb4b3
{ resign }
0-1

[Event "1/128 Finale"]
[Site "www.chess-mail.com"]
[Date "2015.03.24"]
[Round "1"]
[White "Knightjumper"]
[Black "Hennie4820"]
[WhiteElo "1710"]
[BlackElo "1960"]
[Result "1-0"]
[Round "1"]
1.e4 c5
2.b3 e6
3.Bc1b2 Ng8f6
4.Nb1c3 a6
5.a4 Nb8c6
6.Ng1f3 Qd8c7
7.Bf1e2 Bf8e7
8.O-O Ra8b8
9.d4 cxd4
10.Nf3xd4 b6
11.Be2f3 Bc8b7
12.Nd4xc6 Bb7xc6
13.Qd1e2 Bc6b7
14.Ra1d1 d6
15.Rf1e1 O-O
16.h3 Nf6d7
17.Qe2e3 Nd7e5
18.Bf3e2 Qc7c5
19.Qe3xc5 bxc5
20.f4 Ne5g6
21.g3 Rf8d8
22.Be2f3 h6
23.Kg2 Be7f6
24.Bb2a1 Rb8c8
25.Kf2 c4
26.b4 Kf8
27.b5 Ke7
28.Rd1b1 Rc8b8
29.Ke3 Bf6xc3
30.Ba1xc3 f6
31.Bc3a5 Rd8c8
32.Bf3h5 Ng6f8
33.bxa6 Bb7xa6
34.Bh5e2 d5
35.exd5 exd5
36.Be2g4 Rc8e8
37.Kd4 Kd6
38.Re1xe8 Rb8xe8
39.Rb1b6 Ke7
40.Rb6xa6 Re8d8
41.Ba5xd8 { resign }
1-0

[Event "1/128 Finale"]
[Site "www.chess-mail.com"]
[Date "2015.03.24"]
[Round "1"]
[White "Jaroslavpech"]
[Black "Blackpool"]
[WhiteElo "2330"]
[BlackElo "1870"]
[Result "1-0"]
[Round "1"]
1.d4 Ng8f6
2.c4 e6
3.Nb1c3 Bf8b4
4.e3 O-O
5.Bf1d3 d5
6.Ng1f3 c5
7.O-O b6
8.cxd5 exd5
9.Nf3e5 Bc8b7
10.Bc1d2 Nb8d7
11.f4 c4
12.Bd3f5 Bb4xc3
13.Bd2xc3 b5
14.a4 a6
15.axb5 axb5
16.Ra1xa8 Bb7xa8
17.Qd1a1 Nd7b6
18.Bc3b4 Rf8e8
19.Qa1a7 Nb6d7
20.Ne5xd7 Nf6xd7
21.Bf5xd7 { resign }
1-0